Sahih Islami Aqeedah / (Record no. 194076)
[ view plain ]
| 000 -LEADER | |
|---|---|
| fixed length control field | 00383 a2200145 4500 |
| 003 - CONTROL NUMBER IDENTIFIER | |
| control field | NUST |
| 005 - DATE AND TIME OF LATEST TRANSACTION | |
| control field | 20230302093210.0 |
| 040 ## - CATALOGING SOURCE | |
| Transcribing agency | Nust |
| 082 ## - DEWEY DECIMAL CLASSIFICATION NUMBER | |
| Classification number | 297.122,AZI |
| 100 ## - MAIN ENTRY--PERSONAL NAME | |
| Personal name | Aziz, Abdul bin Abdullah bin Baz |
| 9 (RLIN) | 109099 |
| 245 ## - TITLE STATEMENT | |
| Title | Sahih Islami Aqeedah / |
| Statement of responsibility, etc. | Abdul Aziz bin Abdullah bin Baz |
| 260 ## - PUBLICATION, DISTRIBUTION, ETC. | |
| Place of publication, distribution, etc. | Lahore |
| Name of publisher, distributor, etc. | Dar-su-Salam |
| 300 ## - PHYSICAL DESCRIPTION | |
| Extent | 61 pages |
| 942 ## - ADDED ENTRY ELEMENTS (KOHA) | |
| Koha item type | bound volumes |
| Source of classification or shelving scheme | |
| Call number prefix | 297.122,AZI |
| Withdrawn status | Lost status | Source of classification or shelving scheme | Damaged status | Not for loan | Permanent Location | Current Location | Date acquired | Full call number | Barcode | Date last seen | Price effective from | Koha item type | Public note | Shelving location |
|---|---|---|---|---|---|---|---|---|---|---|---|---|---|---|
| Military College of Signals (MCS) | Military College of Signals (MCS) | 12/12/2016 | 297.122, AZI | MCS32963 | 12/08/2016 | 12/12/2016 | Book | Almirah No. 63, Shelf No. 3 | ||||||
| Military College of Signals (MCS) | Military College of Signals (MCS) | 12/12/2016 | 297.122, AZI | MCS32964 | 12/08/2016 | 12/12/2016 | Book | Almirah No. 63, Shelf No. 3 | General Stacks | |||||
| Military College of Signals (MCS) | Military College of Signals (MCS) | 12/12/2016 | 297.122, AZI | MCS32966 | 12/08/2016 | 12/12/2016 | Book | Almirah No. 63, Shelf No. 3 | General Stacks | |||||
| Military College of Signals (MCS) | Military College of Signals (MCS) | 12/12/2016 | 297.122 ,AZI | MCS32967 | 12/08/2016 | 12/12/2016 | Book | Almirah No. 63, Shelf No. 3 | General Stacks | |||||
| Military College of Signals (MCS) | Military College of Signals (MCS) | 12/12/2016 | 297.122 ,AZI | MCS32969 | 12/08/2016 | 12/12/2016 | Book | Almirah No. 63, Shelf No. 3 | General Stacks | |||||
| Military College of Signals (MCS) | Military College of Signals (MCS) | 12/12/2016 | 297.122 ,AZI | MCS32970 | 12/08/2016 | 12/12/2016 | Book | Almirah No. 63, Shelf No. 3 | General Stacks | |||||
| Military College of Signals (MCS) | Military College of Signals (MCS) | 12/12/2016 | 297.122,AZI | MCS32971 | 12/08/2016 | 12/12/2016 | Book | Almirah No. 63, Shelf No. 3 | General Stacks | |||||
| Military College of Signals (MCS) | Military College of Signals (MCS) | 12/12/2016 | 297.122,AZI | MCS32972 | 12/08/2016 | 12/12/2016 | Book | Almirah No. 63, Shelf No. 3 | General Stacks |
